00585 2200229 4500001002100000005001500021035002000036007000300056008004100059020001800100082001100118084001700129100001200146245003700158250001000195260004400205300003500249650003800284856001700322990000800339990000800347INLIS00000000000010220220127121624 a0010-0122000102ta220127 g 0 ind  a9789791420440 a006.66 a006.66 MUL m0 aMulyadi1 aMenggambar Indah dengan Komputer aed. 1 aTangerang :bPanca Anugrah Sakti,c2010 a64 hlm :bfoto ;c21 x 28.5 cm 4aPemrograman untuk Komputer Grafis aKoleksi Umum a170 a171